000 00666nam a2200217Ia 4500
003 GCL
008 140319s9999 xx 000 0 ara d
020 _a2009213977
040 _aGCL /
_cGCL
082 0 4 _a275.209
_bص د
100 1 _aصموئيل حبيب
245 1 0 _aدراسة فى الموعظة على الجبل ( ج 2 ) /
_cصموئيل حبيب
250 _aالرابعة
260 _aالقاهرة :
_bدار الثقافة ،
_c1990
300 _a96 ص ؛
_c21 سم
650 0 4 _aالمسيحية - عبادات
650 0 4 _aالاخلاق المسيحية
650 0 4 _aانجيل متى
650 0 4 _aالموعظة
942 _2ddc
_cBK
999 _c30048
_d30048